<?xml version="1.0" encoding="UTF-8"?>
<record
    xmlns:xsi="http://www.w3.org/2001/XMLSchema-instance"
    xsi:schemaLocation="http://www.loc.gov/MARC21/slim http://www.loc.gov/standards/marcxml/schema/MARC21slim.xsd"
    xmlns="http://www.loc.gov/MARC21/slim">

  <leader>00711nam a2200205   4500</leader>
  <controlfield tag="003">BD-RjUL</controlfield>
  <controlfield tag="005">20230111103210.0</controlfield>
  <controlfield tag="008">230111s1964    u  ||||| |||| 00| 0 ara d</controlfield>
  <datafield tag="035" ind1=" " ind2=" ">
    <subfield code="a">(BD-RjUL)</subfield>
  </datafield>
  <datafield tag="040" ind1=" " ind2=" ">
    <subfield code="a">BD-RjUL</subfield>
    <subfield code="b">eng</subfield>
    <subfield code="c">BD-RjUL</subfield>
  </datafield>
  <datafield tag="041" ind1=" " ind2=" ">
    <subfield code="a">ara</subfield>
  </datafield>
  <datafield tag="082" ind1=" " ind2=" ">
    <subfield code="2">23</subfield>
    <subfield code="a">181.947</subfield>
    <subfield code="b">GHM 1964</subfield>
  </datafield>
  <datafield tag="100" ind1=" " ind2=" ">
    <subfield code="a">alghazaliu</subfield>
    <subfield code="9">6507</subfield>
  </datafield>
  <datafield tag="245" ind1="1" ind2="0">
    <subfield code="a"> &#x645;&#x64A;&#x632;&#x627;&#x646; &#x627;&#x644;&#x639;&#x645;&#x644;&#x647;   mizan al amalih  /</subfield>
    <subfield code="c">&#x627;&#x644;&#x63A;&#x632;&#x627;&#x644;&#x64A; , &#x62D;&#x642;&#x642;&#x647; &#x648;&#x642;&#x62F;&#x645; &#x644;&#x647; &#x633;&#x644;&#x64A;&#x645;&#x627;&#x646; &#x62F;&#x646;&#x64A;&#x627; ;  alghazaliu , haqaqah waqadam lah sulayman dunya</subfield>
  </datafield>
  <datafield tag="260" ind1=" " ind2=" ">
    <subfield code="a">Misr : </subfield>
    <subfield code="b">&#x62F;&#x627;&#x631; &#x627;&#x644;&#x645;&#x639;&#x627;&#x631;&#x641;   dar almaearif  , </subfield>
    <subfield code="c">1964</subfield>
  </datafield>
  <datafield tag="300" ind1=" " ind2=" ">
    <subfield code="a">475 p. ;</subfield>
    <subfield code="c">23 cm</subfield>
  </datafield>
  <datafield tag="490" ind1=" " ind2=" ">
    <subfield code="a">&#x630;&#x62E;&#x627;&#x626;&#x631; &#x627;&#x644;&#x639;&#x631;&#x628;  &#x663;&#x668;</subfield>
  </datafield>
  <datafield tag="830" ind1=" " ind2=" ">
    <subfield code="a">&#x630;&#x62E;&#x627;&#x626;&#x631; &#x627;&#x644;&#x639;&#x631;&#x628;  &#x663;&#x668;</subfield>
    <subfield code="9">6508</subfield>
  </datafield>
  <datafield tag="942" ind1=" " ind2=" ">
    <subfield code="2">ddc</subfield>
    <subfield code="c">BK</subfield>
  </datafield>
  <datafield tag="999" ind1=" " ind2=" ">
    <subfield code="c">81043</subfield>
    <subfield code="d">81043</subfield>
  </datafield>
  <datafield tag="952" ind1=" " ind2=" ">
    <subfield code="0">0</subfield>
    <subfield code="1">0</subfield>
    <subfield code="2">ddc</subfield>
    <subfield code="4">0</subfield>
    <subfield code="7">1</subfield>
    <subfield code="8">NFIC</subfield>
    <subfield code="a">RUCL</subfield>
    <subfield code="b">RUCL</subfield>
    <subfield code="c">Reading</subfield>
    <subfield code="d">1968-09-12</subfield>
    <subfield code="e">Zeitlinger</subfield>
    <subfield code="g">51.00</subfield>
    <subfield code="l">0</subfield>
    <subfield code="o">A 181.947 GHM 1964</subfield>
    <subfield code="r">2023-01-11 00:00:00</subfield>
    <subfield code="t">C-1</subfield>
    <subfield code="w">2023-01-11</subfield>
    <subfield code="y">BK</subfield>
  </datafield>
</record>
